banner-ar

سيد الشهداء حمزة بن عبدالمطلب / (Record no. 43327)

MARC details
000 -الفاتح
حقل البيانات ثابتة الطول 00426nam a2200145Ia 4500
008 - عناصر البيانات ثابتة الطول - معلومات عامة
حقل البيانات ثابتة الطول 140319s9999 xx 000 0 ara d
040 ## - مصدر الفهرسة
وكالة الفهرسة الأصلية GCL /
وكالة النسخ GCL
082 04 - رقم تصنيف ديوى العشرى
رقم التصنيف 239.9
رقم المادة ع س
100 1# - المدخل الرئيسى - إسم شخصى
الإسم الشخصى عبدالمنعم قنديل
245 10 - بيان العنوان
العنوان سيد الشهداء حمزة بن عبدالمطلب /
بيان المسئوليه,etc عبدالمنعم قنديل
700 1# - المدخل الاضافى - اسم شخصى
الإسم الشخصى على الجمبلاطى
300 ## - الوصف المادى
التعداد 60 ص
490 ## - بيان السلسلة
عنوان السلسلة 100 قصة
رقم المجلد/ التعيين التسلسلي 0
Holdings
حالة التراجع حالة الفقد حالة تلف ليس للاعارة المكان المؤقت الموقع الحالى تاريخ الاكتساب اجمالي اﻻعارات رقم الطلب الباركود تاريخ اخر مشاهدة تاريخ تفعيل السعر نوع وعاء كوها
        مكتبة القاهرة الكبرى مكتبة القاهرة الكبرى 03/26/2014   239.9\ع س 104827 03/26/2014 03/26/2014 كتاب
        مكتبة القاهرة الكبرى مكتبة القاهرة الكبرى 03/26/2014   239.9\ع س 104828 03/26/2014 03/26/2014 كتاب
        مكتبة القاهرة الكبرى مكتبة القاهرة الكبرى 03/26/2014   239.9\ع س 104829 03/26/2014 03/26/2014 كتاب

Powered By

EGPV